Take-home books : (Record no. 112902)
[ view plain ]
| 000 -LEADER | |
|---|---|
| fixed length control field | 00451nam a2200169 a 4500 |
| 001 - CONTROL NUMBER | |
| control field | 0811 |
| 005 - DATE AND TIME OF LATEST TRANSACTION | |
| control field | 20140414131955.0 |
| 008 - FIXED-LENGTH DATA ELEMENTS--GENERAL INFORMATION | |
| fixed length control field | 040930s19uu xx 00 eng d |
| 020 ## - INTERNATIONAL STANDARD BOOK NUMBER | |
| International Standard Book Number | 0-15-317681-4 |
| 050 ## - LIBRARY OF CONGRESS CALL NUMBER | |
| Classification number | TR 507 |
| Item number | Ha11 2000 |
| 245 ## - TITLE STATEMENT | |
| Title | Take-home books : |
| Remainder of title | Harcourt Science. |
| 250 ## - EDITION STATEMENT | |
| Edition statement | California Ed |
| 260 ## - PUBLICATION, DISTRIBUTION, ETC. (IMPRINT) | |
| Place of publication, distribution, etc | Orlando : |
| Name of publisher, distributor, etc | Harcourt School, |
| Date of publication, distribution, etc | 2000. |
| 300 ## - PHYSICAL DESCRIPTION | |
| Extent | TH26 p. ; cm. |
| 650 ## - SUBJECT ADDED ENTRY--TOPICAL TERM | |
| Topical term or geographic name as entry element | Science |
| General subdivision | Study and teaching. |
| Withdrawn status | Lost status | Damaged status | Use restrictions | Home library | Current library | Shelving location | Date acquired | Source of acquisition | Total Checkouts | Full call number | Barcode | Date last seen | Price effective from | Koha item type |
|---|---|---|---|---|---|---|---|---|---|---|---|---|---|---|
| Munich Library | Munich Library | Teachers Reference Section | 09/30/2004 | TR 507 Ha11 2000 | M4321 | 04/14/2014 | 04/14/2014 | Books |